[Event "Satka Autumn 2017"]
[Site "Satka"]
[Date "2017.09.20"]
[Round "9"]
[White "Mirzoeva, Elmira"]
[Black "Kovanova, Baira"]
[Result "0-1"]
[WhiteElo "2329"]
[BlackElo "2368"]
[Annotator "TA"]
[PlyCount "168"]
[EventDate "2017.??.??"]
[EventType "swiss"]
[EventCountry "RUS"]
[SourceTitle "playchess.com"]
[Source "ChessBase"]
[SourceQuality "1"]

{[%evp 23,168,18,13,19,12,8,0,1,14,0,0,0,0,0,0,0,4,-14,-18,-14,0,-58,-46,-154,-143,-179,-175,-133,-149,-281,-281,-453,-470,-445,-465,-470,-462,-470,-463,-439,-431,-381,-375,-328,-175,-345,-345,-175,-175,-281,-271,-478,-460,-907,-907,-926,-923,-858,-849,-685,-660,-29958,-826,-29973,-29974,-6299,-677,-29963,-663,-2414,-730,-29988,-29984,-29984,-29981,-29985,-29986,-29986,-29986,-29986,-29976,-29973,-1446,-29958,-29961,-29955,-11154,-3085,-2038,-29980,-29981,-29986,-29987,-29987,-29988,-29993,-29987,-29986,-29982,-29983,-29984,-29984,-29982,-29985,-29980,-29980,-29981,-29981,-29982,-29984,-29982,-29982,-29983,-29983,-29984,-29983,0,-29980,-29981,-29981,-29982,-29981,-29981,-29981,-29982,-29980,-29981,-29983,-29984,-29983,-29984,-29988,-29988,-29988,-29989,-29990,-29988,-29990,-29989,-29989,-29989,-29990,-29991,-29991,-29992,-29993,-29993]} 1. c4 Nf6 2. Nc3 e6 3. Nf3 d5 4. d4 Be7 5. Bf4 O-O 6. e3 Nbd7 7. c5 Nh5 8. Bd3 {D37: Queen's Gambit Declined: 5 Bf4} Nxf4 9. exf4 b6 10. b4 a5 11. a3 c6 12. O-O Qc7 {LiveBook: 103 Games} 13. g3 Ba6 14. Re1 Bxd3 15. Qxd3 g6 {[#]} 16. Ne5 $146 Nxe5 17. fxe5 b5 18. Kg2 Ra7 19. h4 Rfa8 20. Rab1 {Hoping for a4.} axb4 21. axb4 Ra3 22. h5 (22. Rb2 $11) 22... gxh5 $15 23. f4 (23. Re3 $15) 23... h4 24. Rh1 f5 25. gxh4 Kh8 {aiming for ...Rg8+.} 26. Kh3 (26. Kf1 $17 {was worth a try.}) 26... Qd8 $19 ({Don't play} 26... Rg8 27. Rbg1 $19) 27. Rhg1 $2 {[#]} (27. Qg3) 27... Bxh4 28. Rg2 Qf8 29. Kxh4 Qh6+ 30. Kg3 Rg8+ 31. Kf2 {[#] Black must now prevent Rxg8+.} Qxf4+ 32. Kg1 Rxg2+ 33. Kxg2 Rxc3 (33... Ra7 $142 {( -> ...Rg7+)} 34. Ne2 Rg7+ 35. Ng3 Qg5) 34. Qxc3 Qe4+ 35. Kf2 (35. Kh2 $142 Qxb1 36. Qd2) 35... Qxb1 {[%mdl 4096] Endgame KQ-KQ} 36. Qa3 (36. Qd2 $142) 36... Qc2+ 37. Kg3 $2 (37. Ke1 Qa4 38. Qb2) 37... Kg7 38. Qa7+ (38. Qa8 $142 f4+ 39. Kxf4) 38... Kg6 39. Qd7 Qd3+ 40. Kg2 Qe2+ 41. Kg1 Qg4+ 42. Kf1 f4 43. Qxc6 Qd1+ 44. Kf2 Qxd4+ (44... Kf5 $142 45. Qxb5 Qxd4+ 46. Kg2 Qd2+ 47. Kh1 Qd1+ 48. Kh2 f3) 45. Kf1 Qd3+ (45... Kf5 $142 46. Qe8 Qc4+ 47. Kf2 Qxb4 48. Qh5+ Ke4 49. Qe2+ Kd4 50. c6 Qc5 51. Kf3 Qxc6 52. Qd2+ Kc5 53. Qa5 d4+ 54. Kxf4 h5 55. Kg5 Qd5 56. Kxh5 Qxe5+ 57. Kg6 d3 58. Qa3+ Kb6 59. Qb4 Qd5 60. Qd2 Qd4 61. Kf7 e5 62. Qh6+ Ka7 63. Qh5 d2 64. Qd1 Qc4+ 65. Kg7 Qc1 66. Qe2 d1=Q 67. Qf2+ Qd4 68. Qf5 e4+ 69. Kg6 Qcg1+ 70. Qg5 Qd6+ 71. Kh5 Qgd1+ 72. Qg4 Qe5+ 73. Kh4 Qe1+ 74. Kh3 Qh1#) 46. Kf2 Kf5 47. Qc7 Qe3+ 48. Kf1 Qh3+ 49. Ke1 Ke4 50. Qa7 Qc3+ 51. Kd1 Qb3+ 52. Kc1 Qxb4 (52... Qc4+ $142 53. Kb2 f3 54. c6 Qxc6 55. Qg7 d4 56. Kb1 d3 57. Qa7 Qc2+ 58. Ka1 Qa4+ 59. Qxa4 bxa4 60. Kb2 f2 61. b5 f1=Q 62. Kc3 Kd5 63. b6 Kc5 64. Kb2 Qe2+ 65. Kb1 a3 66. Kc1 Qe1#) 53. Qxh7+ Kd4 54. c6 Qe1+ 55. Kb2 Qc3+ 56. Ka2 Qxc6 57. Ka1 Qc1+ 58. Ka2 Qd2+ 59. Ka1 Qe1+ 60. Ka2 Qxe5 61. Qc2 Qe3 62. Qb2+ Ke4 63. Qg2+ Kf5 64. Qc2+ Qe4 65. Qh2 f3 66. Kb3 Qc4+ 67. Ka3 Qa4+ 68. Kb2 Qd4+ 69. Kb3 Qc4+ 70. Ka3 $1 b4+ {Black mates.} 71. Ka4 b3+ 72. Ka3 Qf4 73. Qh7+ Ke5 74. Qg7+ Ke4 75. Qh7+ Ke3 76. Qh3 e5 77. Kb2 d4 {[%cal Bd5d4,Bd4d3][%mdl 32]} 78. Qf1 f2 79. Qc1+ Kf3 80. Qh1+ Kg3 81. Qf1 Qd2+ 82. Ka3 d3 83. Kxb3 Qe2 84. Qh1 f1=Q {Precision: White = 31%, Black = 72%.} 0-1

[Event "Satka Autumn 2017"]
[Site "Satka"]
[Date "2017.09.20"]
[Round "9"]
[White "Makarenko, Alexandra"]
[Black "Sazonova, Anastasia"]
[Result "1-0"]
[WhiteElo "2251"]
[BlackElo "2155"]
[Annotator "TA"]
[PlyCount "121"]
[EventDate "2017.??.??"]
[EventType "swiss"]
[EventCountry "RUS"]
[SourceTitle "playchess.com"]
[Source "ChessBase"]
[SourceQuality "1"]

{[%evp 13,121,7,28,5,8,5,-2,-16,-8,-35,0,0,-2,15,-2,-17,81,31,32,29,40,34,60,64,63,66,80,68,61,22,22,20,21,22,24,6,20,18,18,20,18,5,6,6,14,9,8,6,33,0,0,0,0,0,0,0,0,-4,-4,-50,0,0,0,0,6,0,0,0,0,0,0,0,0,0,6,0,14,12,16,8,16,6,19,44,156,156,805,755,633,420,3432,2742,3359,3318,1692,1465,6167,6427,2583,2370,29976,29977,29977,29978,29982,29979,29986,29987,29988,29984]} 1. e4 e6 2. d4 d5 3. Nd2 c5 4. Ngf3 cxd4 5. Nxd4 Nf6 6. exd5 Nxd5 7. N2f3 {C07: French Tarrasch: 3...c5, 4 Ngf3 and 4 exd5 Qxd5} a6 {LiveBook: 9 Games} 8. Be2 (8. Bd3 Bd6 9. O-O O-O 10. Qe2 h6 11. Bd2 Re8 12. Rfe1 Nd7 13. Nf5 Bf8 {½-½ (33) Mamedov,R (2680)-Najer,E (2706) Kocaeli 2017}) 8... Bd6 9. O-O {The position is equal.} O-O $146 ({Predecessor:} 9... Qc7 10. c4 Ne7 11. Qc2 Bd7 12. Bd3 Nbc6 13. Nxc6 Bxc6 14. Be4 h6 15. Be3 O-O 16. Bxc6 {½-½ (16) Landenbergue,C (2430)-Moor,O (2165) Neuchatel 1996}) 10. Re1 Qc7 11. g3 (11. Bd3 {keeps more tension.} Nd7 12. c3 h6 13. Bc2 N7f6 14. Qe2) 11... Nc6 12. Nxc6 Qxc6 13. c4 $36 {[%mdl 2048] White has some pressure.} Nf6 14. Be3 Bc5 (14... e5 $11 {remains equal.}) 15. Bxc5 Qxc5 16. Qd4 Qc7 17. Qe5 Qxe5 18. Nxe5 Nd7 $1 {[%cal Rd7e5]} 19. Bf3 Nxe5 20. Rxe5 Rd8 21. Rd1 Rxd1+ 22. Bxd1 $11 {[%mdl 4096] Endgame KRB-KRB} b6 23. Bf3 Rb8 24. Kf1 (24. Re3 {feels hotter.} Kf8 25. Ra3 Ke7 26. b4 Kd6 27. Kf1) 24... Bb7 25. Bxb7 Rxb7 {KR-KR} 26. Ke2 Kf8 27. Kd3 Ke7 28. Kc3 Rd7 (28... Kd6 $5 {[%cal Rd6e5]} 29. f4 Rc7 $11) 29. a4 Kd6 30. Re1 a5 31. b4 axb4+ 32. Kxb4 Kc6 33. Kc3 Ra7 34. Kb4 Rd7 35. Re2 Rd1 36. Rb2 Rd7 37. h4 e5 38. Ra2 f6 39. Kc3 Rd1 40. a5 bxa5 41. Rxa5 Rc1+ 42. Kd3 Rd1+ 43. Ke3 Rd7 44. Ra8 Kb7 45. Rh8 h6 46. Rg8 Kc6 47. h5 Kb6 48. Ke4 Rd4+ (48... Kc5 $14) 49. Kf5 $16 Rxc4 $2 {[#]} (49... Rd2 $16) 50. Rxg7 $18 Rc2 51. f4 Rh2 (51... exf4 $142 52. gxf4 Kc6 53. Kxf6 Kd5) 52. fxe5 fxe5 53. g4 Re2 54. Re7 Kc6 55. Rxe5 Rf2+ 56. Kg6 Rf4 57. g5 {White mates.} hxg5 58. h6 {[%cal Bh5h6,Bh6h7][%mdl 32]} Rh4 59. Rxg5 Kd6 60. h7 Ke6 61. Kg7 {Precision: White = 58%, Black = 37%.} 1-0

[Event "Satka Autumn 2017"]
[Site "Satka"]
[Date "2017.09.20"]
[Round "9"]
[White "Protopopova, Anastasiya"]
[Black "Semenova, Elena"]
[Result "1-0"]
[WhiteElo "2152"]
[BlackElo "2284"]
[Annotator "TA"]
[PlyCount "73"]
[EventDate "2017.??.??"]
[EventType "swiss"]
[EventCountry "RUS"]
[SourceTitle "playchess.com"]
[Source "ChessBase"]
[SourceQuality "1"]

{[%evp 14,73,41,10,72,79,88,89,103,95,95,89,70,69,157,151,157,130,152,118,131,124,145,154,170,142,125,28,54,24,35,-66,-42,-51,44,39,81,0,126,121,102,90,77,-40,12,0,12,0,41,-130,0,0,-14,-7,0,-4,160,143,258,242,1602,1522]} 1. d4 Nf6 2. c4 e6 3. g3 d5 4. Nf3 dxc4 5. Bg2 a6 6. O-O Nc6 7. e3 {E04: Open Catalan: 5 Nf3} Nd5 8. Qe2 {LiveBook: 8 Games} Nb6 (8... b5 $11) 9. Nbd2 $16 {White is better.} Na5 10. Ne5 Bd7 $146 ({Predecessor:} 10... g6 11. b3 cxb3 12. Bb2 f6 13. axb3 Bb4 14. Nd3 Bxd2 {1-0 (71) Wojtaszek,R (2630)-Rabiega,R (2529) Germany 2007}) 11. Nxf7 Kxf7 12. Qh5+ g6 13. Qxa5 Bb5 (13... Nd5 $1 $14 14. Bxd5 (14. Nxc4 $2 Bb4 $19) 14... b6 15. Bxe6+ Bxe6) 14. a4 c3 15. axb5 axb5 16. Qxc3 Rxa1 17. d5 {[%cal Bd4d5,Bd5e6][%mdl 32]} Bg7 18. dxe6+ Kf8 19. Qb3 {[%mdl 1024] White has strong compensation.} c6 20. Qb4+ (20. Qc2 $16) 20... Qe7 $11 21. Qf4+ Bf6 22. b3 (22. e4 $14 Kg8 23. e5) 22... Kg7 {And now ...Nd5 would win.} 23. e4 $1 Rf8 (23... Qxe6 $15 24. Qc7+ Nd7) 24. Qe3 $14 Qc7 25. e5 (25. Nf3 $16) 25... Be7 (25... Bxe5 $11 {keeps the balance.} 26. Qc5 Kg8) 26. Ne4 $16 {Hoping for Nf6.} Nd5 {[#]} 27. Qd4 $1 {[%cal Rd4a1]} Ra2 28. Bg5 (28. Nd6 $16) 28... h6 (28... Bxg5 $15 29. Nxg5 Qe7 30. Bxd5 Rd8) 29. Bd2 Qb6 30. Qd3 $1 Qc7 31. Qb1 $2 (31. Nd6 $14) 31... Rxd2 (31... Rfa8 $17 32. Bf4 Qc8) 32. Nxd2 $11 {[%cal Be4d2,Bd2f3,Bf3e5,Be5g6][%mdl 32]} Qxe5 33. Re1 $132 {[%mdl 2048] White is not keeping still} Qd4 34. Nf3 Qc3 $2 ({Black should play} 34... Qf6 $11) 35. Ne5 $16 Rf5 {[#]} (35... Rf6 $16) 36. Nxg6 $1 $18 {[%mdl 512]} Qd4 $2 (36... Qd2) (36... Kxg6 37. g4) 37. Qxf5 {Precision: White = 38%, Black = 19%.} 1-0

[Event "Satka Autumn 2017"]
[Site "Satka"]
[Date "2017.09.20"]
[Round "9"]
[White "Trapeznikova, Darya"]
[Black "Nasybullina, Alfia"]
[Result "1-0"]
[WhiteElo "2101"]
[BlackElo "2045"]
[Annotator "TA"]
[PlyCount "155"]
[EventDate "2017.??.??"]
[EventType "swiss"]
[EventCountry "RUS"]
[SourceTitle "playchess.com"]
[Source "ChessBase"]
[SourceQuality "1"]

{[%evp 17,155,-10,-7,-14,-16,-8,-6,15,0,8,10,-18,-14,-17,0,0,32,0,0,-17,-10,0,73,69,72,83,90,89,86,13,8,8,200,167,164,160,247,23,16,22,41,41,41,41,41,34,35,0,0,0,0,0,0,0,53,27,72,23,39,39,39,39,39,40,44,40,70,18,127,127,127,127,162,127,120,120,184,70,159,120,114,70,70,33,62,32,77,30,1690,1701,1679,1658,1653,1650,1614,1592,1514,23,1577,353,12837,12837,12837,12835,12836,1554,1359,1308,1118,1090,833,337,668,408,12141,10332,1501,113,114,113,96,0,12848,0,12851,0,0,0,0,0,0,0,0,0,29985,29986,29986,29980,29987,29988]} 1. f4 d5 2. g3 g6 3. Bg2 Bg7 4. Nf3 c5 5. O-O Nc6 6. d3 Nf6 7. Qe1 O-O 8. e4 dxe4 {A03: Bird's Opening with 1...d5} 9. dxe4 e5 {LiveBook: 26 Games} 10. fxe5 (10. Nc3 Nd4 11. Qd2 exf4 12. gxf4 Ng4 13. e5 f6 14. h3 Nh6 15. Ne4 Nxf3+ 16. Rxf3 fxe5 17. fxe5 {1-0 (31) Idani,P (2576)-Kanter,E (2383) Sharjah 2017}) 10... Ng4 {The position is equal.} 11. Nc3 Ngxe5 12. Nxe5 Nxe5 13. Nd5 Be6 $146 ({Predecessor:} 13... b6 14. Bd2 Ba6 15. Rf4 Qd6 16. Bc3 {½-½ (42) Keller,D (2123)-Horak,V (2155) Czechia 2004}) 14. Be3 Bxd5 15. exd5 Re8 16. Qf2 $36 {[%mdl 2048] White has some pressure.} b6 (16... f5 $5 {[%cal Re5g4]} 17. h3 (17. Bxc5 Ng4 $11) 17... Nc4 18. Bxc5 Qc7 $14) 17. Rad1 (17. d6 $5) 17... Qd7 18. Bf4 Ng4 19. Qf3 Bxb2 (19... Bd4+ $11 20. Kh1 Ne3) 20. c3 $1 $16 c4 21. d6 {[%mdl 1024] White has strong compensation.} Rad8 22. Bg5 Ba3 23. Be7 (23. Kh1 $16) 23... Bc5+ $11 24. Kh1 Qe6 $2 (24... f5 $1 $11 {and Black has nothing to worry.}) 25. Bxd8 Rxd8 26. Bh3 $1 h5 (26... f5 $16) 27. Bxg4 $2 (27. Rde1 $18 Qd7 28. Re7) 27... hxg4 28. Qd5 {And now Qxe6 would win.} Qxd5+ 29. Rxd5 Rxd6 30. Rxd6 Bxd6 {[%mdl 4096] Endgame KR-KB} 31. Re1 b5 32. Re4 Kg7 33. Rxg4 Be5 34. Re4 $1 {[%cal Re4e5]} Bxc3 {White must now prevent ...Bb2.} 35. Kg2 Bb4 (35... Kf6 $11) 36. Kf3 c3 {Hoping for ...c2.} 37. Re2 (37. Re8 {with more complications.} Bd6 38. Rd8 Be7 39. Ra8 Bg5 40. Rc8) 37... Bf8 38. Ke4 Kf6 39. Kd3 b4 40. Re8 Bc5 41. Rc8 Bg1 42. h3 (42. h4 $14) 42... Bf2 {[#]} (42... Bh2 $1 $11) 43. Rc4 $1 $16 {[%cal Rc4f4] Rf4+ is the strong threat.} Bxg3 44. Rxb4 Ke6 45. Ra4 Bf2 46. Kxc3 f5 (46... Bb6 $16 47. Kd2 Kf5) 47. Kd3 (47. Ra6+ $18 Kf7 48. Kd2) 47... Ke5 (47... g5 $14) 48. Ke2 Bb6 49. Kf3 g5 $1 50. Rb4 Kf6 51. Rb5 Ke6 52. a4 {[%cal Ba2a4,Ba4a5][%mdl 32]} Kf6 $2 {[%mdl 8192]} (52... g4+ $11 53. hxg4 fxg4+ 54. Kxg4 Kd6) 53. a5 $18 Bg1 54. Rb8 Bd4 55. Rb4 Ke5 56. Rb5+ Ke6 57. Rb7 $2 (57. a6 $18 Bg1 58. Rb7) 57... Bg1 $2 {[%mdl 8192]} (57... g4+ $11 58. hxg4 fxg4+ 59. Kxg4 Kd5) 58. Rh7 $2 (58. a6 Bd4 59. Rh7) 58... Kf6 $2 (58... Bc5 59. Rh6+ Ke5) 59. Rh6+ Kg7 60. Rc6 Kf7 61. Kg2 (61. Rd6 $142 Ke7 62. Rg6) 61... Be3 62. Rc3 Bf4 63. Kf3 Bh2 64. Rc2 Be5 $2 (64... Bd6 65. Rb2 Kg6) 65. Rc6 Bh2 (65... Ke7 $142 66. Ra6 Bd4) 66. Rh6 Bg1 67. h4 $2 (67. Rd6 $18 {is more deadly. aiming for Rd1.} g4+ 68. hxg4) 67... gxh4 $16 68. Kf4 Ke7 {[#]} 69. Rxh4 ({Better is} 69. a6 $1 $16) 69... Kd6 $2 {[%mdl 8192]} (69... a6 $11 70. Rh6 Kd8 71. Rxa6 Kc7) 70. Kxf5 $2 (70. a6 $18 Bc5 71. Rh2 (71. Kxf5 Kc6 $16)) 70... Kc5 71. Ke6 $2 ({White should try} 71. Rh1 $18 Bf2 72. a6) 71... Kb5 $11 72. Rh5+ Ka6 73. Kd6 Bf2 74. Kc6 {Strongly threatening Rh2.} Be1 75. Rh1 Bxa5 $2 {[%mdl 8192]} (75... Bc3 $11) 76. Rc1 {White mates.} Bd2 77. Ra1+ Ba5 78. Kc5 {Precision: White = 43%, Black = 37%.} 1-0

[Event "Satka Autumn 2017"]
[Site "Satka"]
[Date "2017.09.20"]
[Round "9"]
[White "Vinokur, Yuliya"]
[Black "Maletina, Tatiana"]
[Result "0-1"]
[WhiteElo "2086"]
[BlackElo "2241"]
[Annotator "TA"]
[PlyCount "68"]
[EventDate "2017.??.??"]
[EventType "swiss"]
[EventCountry "RUS"]
[SourceTitle "playchess.com"]
[Source "ChessBase"]
[SourceQuality "1"]

{[%evp 20,68,28,35,39,10,45,31,40,30,34,37,51,0,48,18,50,41,43,20,33,0,0,0,9,5,6,6,0,-18,9,9,11,11,12,0,0,0,0,0,449,449,437,-29980,-29981,-29994,-29995,-29995,-29996,-29998,-29999]} 1. Nf3 d5 2. g3 Bg4 3. Bg2 c6 4. O-O Nd7 5. d4 e6 6. Nbd2 f5 7. c4 Ngf6 8. b3 Bd6 9. Bb2 O-O 10. Ne5 Bh5 {A07: Réti Opening: New York and Capablanca Systems} (10... Qe8 11. f3 Bh5 12. Kh1 a5 13. Qc2 Qb8 14. Nxd7 Nxd7 15. e4 Bg6 16. Bh3 Qe8 17. Rae1 fxe4 18. fxe4 Rxf1+ 19. Bxf1 {0-1 (45) Dobrovolsky,L (2382)-Vavrak,P (2428) Tatranske Zruby 2007}) 11. Ndf3 {LiveBook: 3 Games} Ne4 12. Qc2 $146 ({Find the theoretical novelty and annotate with similar games:} 12. Nxd7 Qxd7 13. c5 Bc7 14. b4 f4 {0-1 (30) Karbowiak,A (2255)-Myc,M (2295) Lublin 1999}) 12... g5 {The position is equal.} 13. Nxd7 Qxd7 14. Ne5 Qg7 15. f3 Nf6 16. e4 (16. Qd2 $14) 16... f4 17. gxf4 gxf4 18. Kh1 dxe4 19. Bh3 {[#] Strongly threatening Rg1.} Qe7 $1 20. fxe4 Bxe5 $1 21. dxe5 Nd7 {[%cal Bf6d7,Bd7c5,Bc5e4][%mdl 32]} 22. Rf2 Kh8 23. Raf1 f3 24. Qd2 Nc5 {And now ...Qh4 would win.} 25. Ba3 $36 {[%mdl 2048] White has the initiative.} b6 26. Qh6 Bg6 27. Rg1 Nxe4 {[%cal Re4f2]} 28. Rff1 $1 (28. Bxe7 $2 {gets mated.} Nxf2#) 28... Qxa3 29. Rxg6 {[%csl Gg6][%cal Rh6g7]} Rg8 $2 {[%mdl 8192] [#]} (29... Qe7 $1 $11) 30. Rxg8+ $1 $18 Rxg8 31. Bxe6 $4 {[%mdl 8192]} (31. Qf4 $18) 31... Qxa2 {[%csl Gf3,Gg8][%cal Ra2g2] Black mates.} 32. Bh3 Qe2 ({Weaker is} 32... Nf2+ 33. Rxf2 Qxf2 34. Qf6+ Rg7 35. Qf8+ Rg8 36. Qf6+ Rg7 37. Qf8+ Rg8 38. Qf6+ $11) 33. Qh4 f2 34. Ra1 Qf3+ {Precision: White = 49%, Black = 69%.} 0-1

[Event "Satka Autumn 2017"]
[Site "Satka"]
[Date "2017.09.20"]
[Round "9"]
[White "Nosacheva, Mariya"]
[Black "Schepetkova, Margarita"]
[Result "1/2-1/2"]
[WhiteElo "2077"]
[BlackElo "2266"]
[Annotator "TA"]
[PlyCount "51"]
[EventDate "2017.??.??"]
[EventType "swiss"]
[EventCountry "RUS"]
[SourceTitle "playchess.com"]
[Source "ChessBase"]
[SourceQuality "1"]

{[%evp 35,51,0,0,0,0,0,0,0,0,0,0,0,0,0,0,0,0,0]} 1. e4 c6 2. d4 d5 3. Nc3 dxe4 4. Nxe4 Bf5 5. Ng3 Bg6 6. h4 h6 7. h5 Bh7 8. Nf3 Nd7 9. Bd3 Bxd3 10. Qxd3 e6 11. Bd2 Ngf6 {[%cal Bg8f6,Bf6d5,Bd5c3][%mdl 32]} 12. O-O-O Be7 13. Qe2 O-O 14. Nf1 {B19: Classical Caro-Kann: 4...Bf5 main line} c5 15. g4 {[%cal Bg2g4,Bg4g5][%mdl 32]} cxd4 16. g5 Nd5 17. gxh6 Qb6 18. Rg1 {[#]} Ba3 $1 {[%csl Ga3][%cal Rb6b2][%mdl 512] LiveBook: 12 Games. The position is equal.} 19. Rxg7+ (19. bxa3 Nc3) 19... Kh8 {[%csl Ga3][%cal Rb6b2]} 20. bxa3 Nc3 $1 {[%cal Rc3e2]} 21. Bxc3 dxc3 {[%csl Gc3][%cal Rb6b2]} 22. Rh7+ $1 {[#]} Kg8 $146 {[%csl Gc3][%cal Rb6b2] [#]} 23. Rg7+ Kh8 {[%csl Gc3][%cal Rb6b2]} 24. Rh7+ $1 Kg8 $1 {[%csl Gc3][%cal Rb6b2]} 25. Rg7+ Kh8 {[%csl Gc3][%cal Rb6b2]} 26. Rh7+ $1 1/2-1/2

[Event "Satka Autumn 2017"]
[Site "Satka"]
[Date "2017.09.20"]
[Round "9"]
[White "Gutkovich, Polina"]
[Black "Mukhina, Jana"]
[Result "0-1"]
[WhiteElo "2012"]
[BlackElo "1923"]
[Annotator "NA RC"]
[PlyCount "80"]
[EventDate "2017.??.??"]
[EventType "swiss"]
[EventCountry "RUS"]
[SourceTitle "playchess.com"]
[Source "ChessBase"]
[SourceQuality "1"]
[TimeControl "5400+30"]

{[%evp 17,80,-43,-15,-58,-59,-84,-76,-104,-72,-94,-84,-90,35,-37,33,5,96,32767,32767,32767,32767,32767,-54,-45,-50,-73,32767,32767,-60,-110,-104,-253,-278,-336,-414,-389,-581,-494,-579,-789,-813,-829,-927,-1136,-720,-965,-1158,-1841,-2695,-1915,-2571,-29991,-29992,-29993,-29992,-29992,-542,-914,32767,32767,32767,-5401,-29979,-29983,-11408]} 1. d4 {[%emt 0:00:00]} d5 {[%emt 0:03:19]} 2. c4 {[%emt 0:00:00]} c6 {[%emt 0:00:05]} 3. Nc3 {[%emt 0:00:00]} dxc4 {[%emt 0:00:04]} 4. a4 {[%emt 0:00:24]} e5 {[%emt 0:00:09]} 5. dxe5 {[%emt 0:05:46]} Qxd1+ {[%emt 0:00:02]} 6. Nxd1 {[%emt 0:01:28]} Be6 {[%emt 0:05:03] D10: Slav Defence: 3 cxd5 (without early Nf3) and 3 Nc3} (6... Nd7 7. Nf3 Bb4+ 8. Nc3 Nc5 9. Nd4 Ne4 10. Bd2 Nxd2 11. Kxd2 f6 12. exf6 Nxf6 13. f3 a6 14. e4 {1-0 (49) Pascua,H (2386)-Gomez,J (2520) Tagaytay City 2013}) 7. e4 {[%emt 0:04:20]} Na6 {[%emt 0:12:15]} 8. f4 {[%emt 0:05:47]} Nb4 {[%emt 0:18:10]} 9. Ne3 {[%emt 0:04:20]} Bc5 {[%emt 0:00:54]} 10. f5 $146 {[%emt 0:16:25]} ({Predecessor:} 10. Rb1 Nd3+ 11. Bxd3 cxd3 12. b3 g6 13. Nf3 O-O-O 14. Ng5 {½-½ (37) Goreacinic,D (2317)-Geske,J (2383) Offenbach 2012}) 10... Bxe3 {[%emt 0:02:19]} 11. Bxe3 {[%emt 0:00:02]} Nc2+ {[%emt 0:10:38]} 12. Kd2 {[%emt 0:00:05]} Nxa1 {[%emt 0:00:13]} 13. fxe6 {[%emt 0:00:02]} Nb3+ {[%emt 0:01:50]} ({Don't play} 13... fxe6 $6 14. Bxc4 Rd8+ 15. Kc1 $16) 14. Kc3 {[%emt 0:00:05]} Na5 {[%emt 0:00:36]} (14... b5 $17 15. exf7+ Kxf7) 15. Nf3 {[%emt 0:02:22]} (15. exf7+ $11 Kxf7 16. Nf3) 15... Nh6 {[%emt 0:08:26]} 16. Ng5 {[%emt 0:05:14]} f6 {[%emt 0:01:40]} (16... b6 $11) 17. exf6 {[%emt 0:06:07]} gxf6 {[%emt 0:00:01]} 18. Nf3 {[%emt 0:00:08]} Ng4 {[%emt 0:00:36]} 19. Bd4 {[%emt 0:00:38]} Ke7 {[%emt 0:04:56]} 20. h3 {[%emt 0:02:24]} Ne5 $1 {[%emt 0:01:07]} 21. Nxe5 {[%emt 0:05:32]} fxe5 {[%emt 0:00:05]} 22. Bxe5 {[%emt 0:00:06]} Rhg8 $1 {[%emt 0:01:05]} 23. Be2 {[%emt 0:00:49]} Rxg2 {[%emt 0:01:37]} 24. Bg4 {[%emt 0:00:05]} (24. Bf3 $17 Rgg8 25. Bg4) 24... Rd8 {[%emt 0:01:34]} 25. Kb4 {[%emt 0:12:54]} b6 {[%emt 0:03:31]} 26. Ka3 {[%emt 0:01:30] [#]} h5 $1 {[%emt 0:01:07]} 27. Bf5 {[%emt 0:02:31]} c5 {[%emt 0:03:13]} 28. h4 {[%emt 0:07:23]} Rd3+ {[%emt 0:01:42]} 29. Bc3 {[%emt 0:00:33]} Nc6 {[%emt 0:00:29]} 30. Rf1 Nb4 {[%emt 0:00:27]} 31. Rc1 {[%emt 0:09:05]} Rf3 {[%emt 0:01:45]} 32. a5 {[%emt 0:01:18]} b5 {[%emt 0:00:11]} 33. Bh7 {[%emt 0:00:23]} Nd3 {[%emt 0:00:24]} 34. Rb1 {[%emt 0:00:55]} b4+ {[%emt 0:00:56]} 35. Ka4 {[%emt 0:00:05]} bxc3 {[%emt 0:01:49]} 36. bxc3 {[%emt 0:00:03]} Ra2+ {[%emt 0:00:59]} (36... a6 $142 37. Rb7+ Kf6 38. Ka3 Nb4 39. e5+ Kxe5 40. Bb1 Rxc3+ 41. Ka4 Rgg3 42. Bd3 Rcxd3 43. Rh7 Ra3#) 37. Kb5 {[%emt 0:00:02]} Rb2+ {[%emt 0:00:09]} 38. Rxb2 {[%emt 0:00:01]} Nxb2 {[%emt 0:00:04]} 39. Ka6 {[%emt 0:00:14]} Rxc3 {[%emt 0:00:41]} 40. Kxa7 {[%emt 0:00:13]} Nd3 $19 {[%emt 0:00:53]} 0-1